000 00446nam a22001337a 4500
020 _a9787508652191
082 _a658.802
_bAND
100 _aAnderson, Chris,
245 _aThe long tail : why the future of business is selling less of more (Chinese Edition) /
_cChris Anderson ; Translated by Ypie Veenstra
260 _aChina :
_bCITIC press,
_c2016.
300 _a294 p. ;
_c22 cm.
880 _6245-02\r
_a长尾巴:
942 _2ddc
_cBK
999 _c591781
_d591781